Traduction: les moments de la journée [fr -> en] - Statistiques

Statistiques générales
  • Ce quiz a été pris 40 fois
  • Le résultat moyen est 4 sur 5
Statistiques - réponses
Moments Moments % Correct
Après-midi Afternoon
97%
Matin Morning
97%
Minuit Midnight
92%
Midi Noon | Midday
76%
Soir | Soirée Evening
73%
Aucun quiz correspondant
Distribution des résultats
% des personnes avec chaque résultat
Percentile par nombre de réponses
Votre historique - résultats
Vous n’avez pas pris ce quiz